[Event "SWE-ch blitz"]
[Site "Helsingborg"]
[Date "2021.11.14"]
[Round "4"]
[White "Frisk, Ellinor"]
[Black "Hansen, Anders"]
[Result "1-0"]
[WhiteElo "2142"]
[BlackElo "2027"]
[PlyCount "53"]
[EventDate "2021.11.14"]
[EventType "swiss (blitz)"]
[EventRounds "13"]
[EventCountry "SWE"]
[SourceTitle "EXT 2024"]
[Source "ChessBase"]
[SourceDate "2023.10.10"]
[SourceVersion "1"]
[SourceVersionDate "2023.10.10"]
[SourceQuality "1"]

1. Nf3 d5 2. c4 d4 3. b4 f6 4. Na3 e5 5. Nc2 a5 6. b5 Be6 7. d3 Nd7 8. g3 Bd6 9. Bg2 Nc5 10. Nd2 Ne7 11. 0-0 0-0 12. Ne4 Rb8 13. Nxc5 Bxc5 14. Bd2 b6 15. f4 Qd7 16. Kh1 Nf5 17. Qe1 Kh8 18. Rd1 exf4 19. Bxf4 Rbd8 20. Bc6 Qf7 21. Be4 Ne3 22. Nxe3 dxe3 23. Rf3 f5 24. Bc6 Bd4 25. Bxe3 Qf6 26. Qf2 Bxe3 27. Qxe3 1-0

[Event "SWE-ch blitz"]
[Site "Helsingborg"]
[Date "2021.11.14"]
[Round "8"]
[White "Rosell, Tomas"]
[Black "Hansen, Anders"]
[Result "1-0"]
[WhiteElo "2070"]
[BlackElo "2027"]
[PlyCount "33"]
[EventDate "2021.11.14"]
[EventType "swiss (blitz)"]
[EventRounds "13"]
[EventCountry "SWE"]
[SourceTitle "EXT 2024"]
[Source "ChessBase"]
[SourceDate "2023.10.10"]
[SourceVersion "1"]
[SourceVersionDate "2023.10.10"]
[SourceQuality "1"]

1. e4 d6 2. d4 Nf6 3. Nc3 e5 4. Nf3 Nbd7 5. Bc4 Be7 6. 0-0 c6 7. a4 0-0 8. Re1 h6 9. Ba2 b6 10. dxe5 dxe5 11. Nh4 Qc7 12. Nf5 Nc5 13. Nxh6+ gxh6 14. Bxh6 Bg4 15. Qd2 Bh5 16. Qg5+ Bg6 17. Qxg6+ 1-0

[Event "Politiken Cup 35th"]
[Site "Helsingor"]
[Date "2013.08.02"]
[Round "8"]
[White "Strachan, Christian C"]
[Black "Hansen, Anders"]
[Result "0-1"]
[WhiteElo "1873"]
[BlackElo "1709"]
[PlyCount "130"]
[EventDate "2013.07.27"]
[EventType "swiss"]
[EventRounds "10"]
[EventCountry "DEN"]
[SourceTitle "CBM 155 Extra"]
[Source "ChessBase"]
[SourceDate "2013.08.26"]
[SourceVersion "1"]
[SourceVersionDate "2013.08.26"]
[SourceQuality "1"]

1. e4 c5 2. c3 Nc6 3. d4 cxd4 4. cxd4 e6 5. Nf3 Qc7 6. Be2 Nf6 7. Nc3 a6 8. 0-0 b5 9. e5 Ng4 10. h3 Nh6 11. Bxh6 gxh6 12. Rc1 Qb8 13. Ne4 Be7 14. a3 Bb7 15. Bd3 Nxd4 16. Nxd4 Qxe5 17. Nf3 Qxb2 18. Bb1 Rg8 19. Re1 Qg7 20. g3 Bxa3 21. Nc5 Bc6 22. Ne5 Bxc5 23. Rxc5 Rd8 24. Nxc6 dxc6 25. Qf3 Qd4 26. Rxc6 Rg7 27. Kg2 a5 28. Rc7 Qd6 29. Rc6 Qb4 30. Rcc1 Qe7 31. Be4 b4 32. Bc6+ Kf8 33. Ba4 Rg5 34. Qe4 Kg8 35. Bc2 Rg7 36. Rcd1 Rc8 37. Rc1 Rb8 38. Qe3 Qg5 39. Qa7 Re8 40. Ba4 Rf8 41. Bb3 Qd8 42. Rc7 Qa8+ 43. Kg1 Qxa7 44. Rxa7 Rg5 45. Ra1 Rc8 46. R7xa5 Rc3 47. Rxg5+ hxg5 48. Rb1 Rc6 49. Re1 Kg7 50. Re4 Rb6 51. Kg2 h5 52. Kf3 Kf6 53. Rc4 Rb5 54. Ke3 Rb7 55. Kd3 Rb5 56. Ba4 Rd5+ 57. Rd4 Ke5 58. Rxd5+ Kxd5 59. Bb3+ Kc5 60. Ke4 Kd6 61. Kd4 f5 62. f4 h4 63. gxh4 g4 64. hxg4 fxg4 65. Ke3 Ke7 0-1

[Event "Politiken Cup 35th"]
[Site "Helsingor"]
[Date "2013.08.01"]
[Round "7"]
[White "Hansen, Anders"]
[Black "Madsen, Ole Rysgaard"]
[Result "1-0"]
[WhiteElo "1709"]
[BlackElo "1919"]
[PlyCount "65"]
[EventDate "2013.07.27"]
[EventType "swiss"]
[EventRounds "10"]
[EventCountry "DEN"]
[SourceTitle "CBM 155 Extra"]
[Source "ChessBase"]
[SourceDate "2013.08.26"]
[SourceVersion "1"]
[SourceVersionDate "2013.08.26"]
[SourceQuality "1"]

1. b3 e5 2. Bb2 Nc6 3. e3 Nf6 4. Bb5 d6 5. d4 exd4 6. exd4 a6 7. Qe2+ Qe7 8. Bxc6+ bxc6 9. Nc3 Bg4 10. f3 Bd7 11. 0-0-0 Qxe2 12. Ngxe2 g6 13. Rhe1 Bh6+ 14. Nf4+ Kd8 15. g3 g5 16. Nd3 Re8 17. Kb1 Nd5 18. Ne4 f5 19. Nef2 Ne3 20. Rd2 f4 21. Rde2 Nf5 22. Ne4 fxg3 23. hxg3 d5 24. Nf6 Rxe2 25. Rxe2 Bg7 26. Nxd7 Bxd4 27. N7c5 Bxb2 28. Kxb2 Nd4 29. Rh2 Ke7 30. Rxh7+ Kf6 31. f4 g4 32. Ne5 Rf8 33. Ncd7+ 1-0

[Event "Politiken Cup 35th"]
[Site "Helsingor"]
[Date "2013.07.29"]
[Round "4"]
[White "Nielsen, Bjorn1111"]
[Black "Hansen, Anders"]
[Result "0-1"]
[WhiteElo "1458"]
[BlackElo "1709"]
[PlyCount "54"]
[EventDate "2013.07.27"]
[EventType "swiss"]
[EventRounds "10"]
[EventCountry "DEN"]
[SourceTitle "CBM 155 Extra"]
[Source "ChessBase"]
[SourceDate "2013.08.26"]
[SourceVersion "1"]
[SourceVersionDate "2013.08.26"]
[SourceQuality "1"]

1. e4 c5 2. d3 Nc6 3. Nf3 e6 4. Be2 Qc7 5. 0-0 Nf6 6. h3 a6 7. Re1 b5 8. Nbd2 Bb7 9. Nf1 Bd6 10. c3 h5 11. Be3 Ne5 12. N1h2 Ng6 13. d4 Bxe4 14. Bd3 Rc8 15. Qc2 Bxd3 16. Qxd3 Nf4 17. Bxf4 Bxf4 18. Nf1 c4 19. Qc2 h4 20. Rad1 Nd5 21. Ne3 Bxe3 22. fxe3 Qg3 23. Qf2 Qxf2+ 24. Kxf2 f6 25. e4 Nf4 26. e5 Nd3+ 27. Ke3 Nxe1 0-1

[Event "EU-ch Seniors 13th"]
[Site "Plovdiv"]
[Date "2013.03.18"]
[Round "8"]
[White "Hansen, Anders"]
[Black "Birkestrand, Odd Helge"]
[Result "0-1"]
[WhiteElo "1699"]
[BlackElo "1797"]
[PlyCount "76"]
[EventDate "2013.03.11"]
[EventType "swiss"]
[EventRounds "9"]
[EventCountry "BUL"]
[SourceTitle "CBM 153 Extra"]
[Source "ChessBase"]
[SourceDate "2013.04.22"]
[SourceVersion "1"]
[SourceVersionDate "2013.04.22"]
[SourceQuality "1"]

1. b3 Nf6 2. Bb2 e6 3. Nf3 Nc6 4. d3 d5 5. g3 Be7 6. Bg2 0-0 7. 0-0 Nd7 8. c4 Bf6 9. d4 Na5 10. cxd5 exd5 11. Nc3 c6 12. Re1 Re8 13. e4 Nb6 14. exd5 cxd5 15. Qd2 Be6 16. Nb5 Nc6 17. Qf4 g5 18. Qd2 a6 19. Nc3 Rc8 20. a3 h6 21. Ne5 Qc7 22. f4 Kh8 23. Rad1 gxf4 24. gxf4 Nxe5 25. dxe5 Bh4 26. Rf1 Bg4 27. Rc1 Rg8 28. f5 Qc5+ 29. Kh1 Bg5 30. Rf4 Qe7 31. Rcf1 Bxf4 32. Qxf4 Kh7 33. h3 d4 34. Qxd4 Qh4 35. f6 Rcd8 36. Qe4+ Kh8 37. Kh2 Rd2 38. Qe3 Rxg2+ 0-1

[Event "EU-ch Seniors 13th"]
[Site "Plovdiv"]
[Date "2013.03.11"]
[Round "1"]
[White "Batakovs, Olegs N"]
[Black "Hansen, Anders"]
[Result "1-0"]
[WhiteElo "2123"]
[BlackElo "1699"]
[PlyCount "85"]
[EventDate "2013.03.11"]
[EventType "swiss"]
[EventRounds "9"]
[EventCountry "BUL"]
[SourceTitle "CBM 153 Extra"]
[Source "ChessBase"]
[SourceDate "2013.04.22"]
[SourceVersion "1"]
[SourceVersionDate "2013.04.22"]
[SourceQuality "1"]

1. e4 c5 2. Nf3 Nc6 3. d4 cxd4 4. Nxd4 e6 5. Nc3 Qc7 6. Be2 a6 7. 0-0 Nf6 8. Be3 b5 9. Nxc6 dxc6 10. Bf3 Bd6 11. h3 Bh2+ 12. Kh1 Be5 13. Bd4 Bb7 14. Re1 h5 15. Bxe5 Qxe5 16. g3 g5 17. Bg2 Ke7 18. Qd2 Rad8 19. Qe3 g4 20. h4 Qd4 21. Nd5+ Rxd5 22. exd5 Qxe3 23. d6+ Kxd6 24. Rxe3 Nd5 25. Rd1 Kc5 26. Re2 Bc8 27. f3 f5 28. f4 a5 29. a3 Rh7 30. Kg1 Ra7 31. Kf2 b4 32. Ra1 Kb6 33. Bxd5 exd5 34. axb4 axb4 35. Rxa7 Kxa7 36. Re7+ Kb6 37. Rh7 d4 38. Rxh5 c5 39. Rh8 Bb7 40. Ke2 c4 41. Kd2 Be4 42. Rb8+ Kc5 43. h5 1-0

[Event "Baltic Sea Cup"]
[Site "Ronne"]
[Date "2007.08.05"]
[Round "9.53"]
[White "Ehlers, Kjeld"]
[Black "Hansen, Anders"]
[Result "0-1"]
[WhiteElo "1449"]
[BlackElo "1795"]
[PlyCount "44"]
[EventDate "2007.07.30"]
[EventType "swiss"]
[EventRounds "9"]
[EventCountry "DEN"]
[SourceTitle "EXT 2023"]
[Source "ChessBase"]
[SourceDate "2022.10.05"]
[SourceVersion "1"]
[SourceVersionDate "2022.10.05"]
[SourceQuality "1"]

1. d4 Nf6 2. c4 e6 3. Nc3 d5 4. Nf3 Nbd7 5. cxd5 exd5 6. e3 Be7 7. Bd3 0-0 8. Qc2 Re8 9. 0-0 a6 10. Ne5 g6 11. Nxd7 Bxd7 12. e4 dxe4 13. Nxe4 Rc8 14. Re1 Be6 15. Ng5 Bd5 16. b3 c5 17. dxc5 Bxc5 18. Rxe8+ Nxe8 19. Qe2 Qf6 20. Rb1 Ng7 21. h3 Re8 22. Qd2 h6 0-1

[Event "Baltic Sea Cup"]
[Site "Ronne"]
[Date "2007.08.04"]
[Round "8.53"]
[White "Hansen, Anders"]
[Black "Olsen, Karsten Kierkegaard"]
[Result "0-1"]
[WhiteElo "1795"]
[BlackElo "1598"]
[PlyCount "110"]
[EventDate "2007.07.30"]
[EventType "swiss"]
[EventRounds "9"]
[EventCountry "DEN"]
[SourceTitle "EXT 2023"]
[Source "ChessBase"]
[SourceDate "2022.10.05"]
[SourceVersion "1"]
[SourceVersionDate "2022.10.05"]
[SourceQuality "1"]

1. d4 Nf6 2. c4 e6 3. Nc3 d5 4. Nf3 c6 5. e3 a6 6. Qc2 Nbd7 7. Bd3 dxc4 8. Bxc4 b5 9. Bd3 Qc7 10. 0-0 Bd6 11. e4 e5 12. Bg5 0-0 13. Ne2 Re8 14. Ng3 h6 15. Be3 Ng4 16. Nf5 Bf8 17. a4 Nxe3 18. fxe3 Bb7 19. axb5 Qb6 20. bxa6 Bxa6 21. b3 Bxd3 22. Qxd3 Rab8 23. Rab1 c5 24. d5 Qb4 25. Nd2 Rb6 26. Nc4 Rg6 27. d6 Ree6 28. Qd5 Qb5 29. Kh1 Nf6 30. Qd3 Rg4 31. Nxe5 Qxd3 32. Nxd3 Nd7 33. Rbc1 g6 34. Ne7+ Bxe7 35. dxe7 Rxe7 36. Nxc5 Nxc5 37. Rxc5 Rgxe4 38. Kg1 Rxe3 39. Rb1 Re1+ 40. Rxe1 Rxe1+ 41. Kf2 Rb1 42. Rc3 g5 43. Kf3 h5 44. Ke4 Rb2 45. Rg3 f6 46. h4 g4 47. Kd5 Kg7 48. Kc5 f5 49. b4 f4 50. Rd3 Rxg2 51. Rb3 f3 52. b5 f2 53. b6 f1Q 54. b7 Rc2+ 55. Kb4 Qc4+ 0-1

[Event "Baltic Sea Cup"]
[Site "Ronne"]
[Date "2007.07.30"]
[Round "1.38"]
[White "Kasparova, Tatiana"]
[Black "Hansen, Anders"]
[Result "1-0"]
[WhiteElo "2217"]
[BlackElo "1795"]
[PlyCount "91"]
[EventDate "2007.07.30"]
[EventType "swiss"]
[EventRounds "9"]
[EventCountry "DEN"]
[SourceTitle "EXT 2023"]
[Source "ChessBase"]
[SourceDate "2022.10.05"]
[SourceVersion "1"]
[SourceVersionDate "2022.10.05"]
[SourceQuality "1"]

1. e4 c5 2. Nf3 Nc6 3. Bb5 Qc7 4. 0-0 e6 5. Re1 Nf6 6. Nc3 Ng4 7. Bxc6 bxc6 8. d4 cxd4 9. Qxd4 c5 10. Qd1 Bb7 11. h3 h5 12. Bg5 Bd6 13. hxg4 hxg4 14. Nb5 Bh2+ 15. Nxh2 Qxh2+ 16. Kf1 Ba6 17. c4 Bxb5 18. cxb5 Qh1+ 19. Ke2 Qxg2 20. Qd6 Qxe4+ 21. Kd2 Qb4+ 22. Kc2 Qc4+ 23. Kd1 f6 24. Be3 Rh5 25. Bd2 Rd8 26. Qa6 Qd5 27. Qxa7 Ra8 28. Qc7 Rxa2 29. Rxa2 Qxa2 30. Qc8+ Ke7 31. b6 Qb3+ 32. Kc1 Qxb6 33. Qg8 Rf5 34. Qxg7+ Kd6 35. Qxg4 Rxf2 36. Qg3+ Ke7 37. Qxf2 e5 38. Be3 Ke6 39. Rf1 Kf7 40. Bxc5 Qc6 41. Rd1 d5 42. b4 d4 43. Qa2+ Ke8 44. Rg1 d3 45. Rg8+ Kd7 46. Qf7# 1-0

[Event "Politiken Cup 29th"]
[Site "Copenhagen"]
[Date "2007.07.27"]
[Round "8"]
[White "Hansen, Anders"]
[Black "Brondum, Eric"]
[Result "1/2-1/2"]
[WhiteElo "2053"]
[BlackElo "2180"]
[PlyCount "24"]
[EventDate "2007.07.21"]
[EventType "swiss"]
[EventRounds "10"]
[EventCountry "DEN"]
[SourceTitle "CBM 119 Extra"]
[Source "ChessBase"]
[SourceDate "2007.09.04"]
[SourceVersion "1"]
[SourceVersionDate "2007.09.04"]
[SourceQuality "1"]

1. d4 d6 2. e4 g6 3. Nf3 Bg7 4. Bc4 a6 5. Qe2 e6 6. 0-0 Ne7 7. Bb3 Nd7 8. c3 0-0 9. Bf4 h6 10. Nbd2 b6 11. e5 d5 12. Rfe1 c5 1/2-1/2

[Event "Politiken Cup 29th"]
[Site "Copenhagen"]
[Date "2007.07.25"]
[Round "6"]
[White "Hansen, Anders"]
[Black "Molvig, Henrik"]
[Result "1-0"]
[WhiteElo "2053"]
[BlackElo "2215"]
[PlyCount "67"]
[EventDate "2007.07.21"]
[EventType "swiss"]
[EventRounds "10"]
[EventCountry "DEN"]
[SourceTitle "CBM 119 Extra"]
[Source "ChessBase"]
[SourceDate "2007.09.04"]
[SourceVersion "1"]
[SourceVersionDate "2007.09.04"]
[SourceQuality "1"]

1. d4 d5 2. Nf3 Nf6 3. c4 c6 4. Qb3 e6 5. Nc3 Be7 6. Bg5 Nbd7 7. e3 0-0 8. Bd3 dxc4 9. Bxc4 Nd5 10. Bxe7 Qxe7 11. 0-0 Nxc3 12. Qxc3 b6 13. e4 Bb7 14. Rfe1 Rac8 15. Rad1 Rfe8 16. b4 c5 17. bxc5 e5 18. Bb5 bxc5 19. d5 f6 20. d6 Qd8 21. Nh4 g6 22. Qb3+ Kg7 23. Qa4 Qb6 24. Bxd7 Bc6 25. Bxc6 Rxc6 26. Rb1 Qa6 27. Qxa6 Rxa6 28. Rb7+ Kh6 29. Rd1 Rxa2 30. Rc7 Rd8 31. h3 Ra4 32. Nf3 c4 33. d7 c3 34. Rxc3 1-0

[Event "Politiken Cup 29th"]
[Site "Copenhagen"]
[Date "2007.07.22"]
[Round "2"]
[White "Hansen, Anders"]
[Black "Coleman, Teddy"]
[Result "0-1"]
[WhiteElo "2053"]
[BlackElo "2239"]
[PlyCount "80"]
[EventDate "2007.07.21"]
[EventType "swiss"]
[EventRounds "10"]
[EventCountry "DEN"]
[SourceTitle "CBM 119 Extra"]
[Source "ChessBase"]
[SourceDate "2007.09.04"]
[SourceVersion "1"]
[SourceVersionDate "2007.09.04"]
[SourceQuality "1"]

1. d4 Nf6 2. c4 e6 3. Nf3 Bb4+ 4. Nbd2 0-0 5. a3 Be7 6. e4 d5 7. e5 Nfd7 8. b4 b6 9. Bb2 c5 10. Qb3 dxc4 11. Bxc4 cxb4 12. axb4 Nc6 13. Bc3 a5 14. b5 Nb4 15. Bxb4 Bxb4 16. Qe3 Bb7 17. 0-0 Qe7 18. Ne4 Rfd8 19. Rad1 Nf8 20. Nfg5 h6 21. Nh3 Rac8 22. Bd3 Ba8 23. Nf4 Qb7 24. Nh5 Kh8 25. f3 Ng6 26. Kh1 Bf8 27. Rc1 Rxc1 28. Rxc1 Qd7 29. Nd6 Bxd6 30. exd6 Qxd6 31. Bxg6 fxg6 32. Nf4 g5 33. Ne2 Bd5 34. Kg1 a4 35. Kf2 a3 36. h4 gxh4 37. Rh1 a2 38. Qd3 Ra8 39. Qg6 a1Q 40. Rxh4 Qf8 0-1

[Event "IECC CL4-2006.12 email"]
[Site "IECC email"]
[Date "2006.12.09"]
[Round "?"]
[White "Hansen, Anders"]
[Black "Wight, David"]
[Result "0-1"]
[WhiteElo "1792"]
[BlackElo "1839"]
[PlyCount "82"]
[EventDate "2006.??.??"]
[EventType "tourn (corr)"]
[EventRounds "4"]
[SourceTitle "Corr 2008"]
[Source "ChessBase"]
[SourceDate "2008.06.24"]
[SourceVersion "1"]
[SourceVersionDate "2008.06.24"]
[SourceQuality "1"]

1. d4 d5 2. c4 e5 3. dxe5 d4 4. Nf3 Nc6 5. a3 a5 6. Nbd2 Be6 7. Nb3 Bxc4 8. Nbxd4 Nxd4 9. Qxd4 Qxd4 10. Nxd4 Bc5 11. Be3 0-0-0 12. Nf5 Bxe3 13. Nxe3 Be6 14. g3 f6 15. exf6 Nxf6 16. Bg2 Rd6 17. 0-0 Rd2 18. b4 a4 19. Bf3 Rhd8 20. Rfc1 Kb8 21. Nc4 Bxc4 22. Rxc4 g5 23. h3 h5 24. Rac1 Rd1+ 25. Rxd1 Rxd1+ 26. Kg2 Ra1 27. e4 g4 28. hxg4 hxg4 29. Be2 Rxa3 30. e5 Nd5 31. Rd4 c6 32. Bxg4 Ra1 33. Be6 Nc7 34. Bf7 Kc8 35. f4 a3 36. Rd2 Rb1 37. Ba2 Rb2 38. Rxb2 axb2 39. f5 Nd5 40. Bb1 Nc3 41. Bd3 Kd8 0-1

[Event "Politiken Cup 25th"]
[Site "Copenhagen"]
[Date "2003.07.25"]
[Round "11"]
[White "Hansen, Anders"]
[Black "Bromann, Thorbjorn"]
[Result "0-1"]
[WhiteElo "2044"]
[BlackElo "2360"]
[PlyCount "90"]
[EventDate "2003.07.14"]
[EventType "swiss"]
[EventRounds "11"]
[EventCountry "DEN"]
[SourceTitle "CBM 095 Extra"]
[Source "ChessBase"]
[SourceDate "2003.09.04"]
[SourceVersion "1"]
[SourceVersionDate "2003.09.04"]
[SourceQuality "1"]

1. d4 d5 2. c4 Nc6 3. cxd5 Qxd5 4. e3 e5 5. Nc3 Bb4 6. Bd2 Bxc3 7. bxc3 Qd6 8. Ne2 h5 9. h4 Bg4 10. Qa4 Nge7 11. Ng3 Qg6 12. Bc4 0-0 13. d5 Nb8 14. e4 Nd7 15. Qa3 Nc8 16. Bd3 b6 17. Be3 c5 18. c4 Nd6 19. 0-0 b5 20. cxb5 c4 21. Bc2 Nxb5 22. Qa4 Nd6 23. Qa3 Nb6 24. Bg5 Nb5 25. Qa5 Nd4 26. Bd1 Bxd1 27. Rfxd1 f6 28. Be3 Nc2 29. Nf5 Kh7 30. Rac1 Nxe3 31. fxe3 Qg4 32. Qc5 Qxe4 33. Rf1 Qxd5 34. Qe7 Rf7 35. Qb4 Rd8 36. a4 g6 37. a5 Nc8 38. Ng3 Nd6 39. Rf3 f5 40. Rcf1 Rb7 41. Qc3 Rb3 42. Qa1 e4 43. Qf6 exf3 44. Qxd8 fxg2 45. Re1 Rb7 0-1

[Event "Politiken Cup 25th"]
[Site "Copenhagen"]
[Date "2003.07.24"]
[Round "10"]
[White "Lilja, Richard"]
[Black "Hansen, Anders"]
[Result "0-1"]
[WhiteElo "2137"]
[BlackElo "2044"]
[PlyCount "116"]
[EventDate "2003.07.14"]
[EventType "swiss"]
[EventRounds "11"]
[EventCountry "DEN"]
[SourceTitle "CBM 095 Extra"]
[Source "ChessBase"]
[SourceDate "2003.09.04"]
[SourceVersion "1"]
[SourceVersionDate "2003.09.04"]
[SourceQuality "1"]

1. e4 c6 2. d4 d5 3. Nd2 dxe4 4. Nxe4 Bf5 5. Ng3 Bg6 6. Bc4 e6 7. N1e2 Bd6 8. 0-0 Qc7 9. f4 Ne7 10. Bd3 Bxd3 11. Qxd3 Nd7 12. f5 e5 13. Bg5 f6 14. Be3 0-0-0 15. c4 exd4 16. Nxd4 Nc5 17. Qe2 Bxg3 18. hxg3 Qe5 19. Rad1 Rxd4 20. Rxd4 Nxf5 21. Rxf5 Qxf5 22. Rf4 Qe6 23. Qf3 Nd7 24. Re4 Ne5 25. Qe2 b6 26. Bf2 Rd8 27. b4 Qd6 28. Kh2 Qd3 29. Rxe5 fxe5 30. Qxe5 Qg6 31. g4 Qd6 32. Bg3 Qxe5 33. Bxe5 g6 34. Kg3 Kd7 35. Kf4 Ke6 36. Bg7 Rd2 37. a4 Rxg2 38. Bd4 h5 39. gxh5 gxh5 40. Kf3 Rg4 41. Ke3 h4 42. c5 bxc5 43. Bxc5 a6 44. Kf3 h3 45. Kxg4 h2 46. a5 h1Q 47. Kf4 Qh4+ 48. Ke3 Kd5 49. Kf3 Qe4+ 50. Kf2 Qd3 51. Kg2 Ke4 52. Bf2 Kf4 53. b5 cxb5 54. Kg1 Kf3 55. Bh4 Qd1+ 56. Be1 Qxe1+ 57. Kh2 Qg3+ 58. Kh1 Qg2# 0-1